000 nam a22 7a 4500
999 _c7883
_d7883
008 171107b xxu||||| |||| 00| 0 eng d
100 _aJames.J.
_94354
245 _aPhysical Education
260 _aNew Delhi
_bFriends
_c2008